Mis mejores novelas cortas
Guardat en:
| Autor principal: | |
|---|---|
| Format: | Llibre |
| Idioma: | Undetermined |
| Publicat: |
México, Distrito Federal
Diana S.A.
1962
|
| Matèries: | |
| Etiquetes: |
Afegir etiqueta
Sense etiquetes, Sigues el primer a etiquetar aquest registre!
|
MARC
| LEADER | 00000nam a2200000Ia 4500 | ||
|---|---|---|---|
| 008 | 170316s9999 xx 000 0 und d | ||
| 999 | |c 5458 |d 5458 | ||
| 040 | |a cru BVZT | ||
| 090 | |a 810 B-25m | ||
| 100 | |a Buck, Pearl | ||
| 245 | |a Mis mejores novelas cortas |c / Pearl Buck | ||
| 260 | |a México, Distrito Federal |b Diana S.A. |c 1962 | ||
| 300 | |a 412 páginas | ||
| 650 | |a LITERATURA ESTADOUNIDENSE |9 25 | ||
| 942 | |c 15 D |h 810 B-25m |2 z | ||
